000 01296nam a22003497a 4500
003 CHAP
005 20220817043659.0
008 000607d1999 mx r 00110 spa d
010 _a81445
011 _a82417
035 _a92912
040 _cCHAP
090 _aTesis
100 0 0 _aZarate Vargas, Angel.
_9123699
245 1 0 _aSensibilidad in vitro de fitonemátodos del banano cv Gran enano (Musa AAA, subgrupo Cavendish) a extractos vegetales
_c/por Angel Zárate Vargas
260 _aSan José Puyacatengo, Teapa, Tab. :
_bEl autor,
_c1999.
300 _a36 h.
502 _aTesis (Ing. Agr. Esp. en Zonas Tropicales) -- UACH. Dirección de Centros Regionales Universitarios
590 _aALEPH
_b10
_c20130110
_lUCH01
_h1436
590 _aBATCH-UPD
_b10
_c20130110
_lUCH01
_h1652
590 _aBATCH-UPD
_b10
_c20130410
_lUCH01
_h1041
590 _aBATCH-UPD
_b10
_c20130914
_lUCH01
_h1339
590 _aCONVERSION
_b10
_c20130109
_lUCH01
_h1345
650 1 4 _aExtractos vegetales.
_939214
650 1 4 _aNemátodos parásitos de plantas.
650 1 4 _aPlátano
_xEnfermedades por nemátodos.
_989232
901 _aBK
905 _aAlejandra Carrasco M.
942 _cFOLL
949 _bBC
_cTES
_d33724000782991
_eTS2
_fc.2
_h36527
_i92912
_sb
949 _bBC
_cTES
_d929121
_eTS1
_h36526
_i92912
_sb
999 _c81445
_d81445